E20(中央道)のIC - Statistics

General Stats
  • This quiz has been taken 527 times
  • The average score is 23 of 35
Answer Stats
中央道 % Correct
IC 八王子
96%
JCT 八王子
96%
IC 大月
90%
JCT 大月
90%
IC 相模湖
88%
IC 高井戸
86%
IC 調布
84%
IC 上野原
81%
IC 諏訪
78%
JCT 岡谷
78%
SA/SIC 談合坂
76%
IC 小淵沢
76%
IC 韮崎
75%
PA 藤野
73%
SA/SIC 諏訪湖
73%
SIC 府中
71%
IC 勝沼
67%
IC 国立府中
66%
IC 稲城
62%
PA 石川
60%
IC 甲府昭和
59%
IC 甲府南
58%
SA/SIC 双葉
58%
JCT 双葉
58%
PA 初狩
53%
IC 長坂
53%
IC 相模湖東
50%
PA 中央道原
47%
PA 八ヶ岳
46%
IC 一宮御坂
44%
IC 須玉
40%
PA 釈迦堂
39%
IC 諏訪南
38%
PA 境川
31%
SIC 笛吹八代
28%
No matching quizzes found
Score Distribution
Percent of People with Each Score
Percentile by Number Answered
Your Score History
You have not taken this quiz